000 00399cam a2200145u 4500
005 20250901165524.0
008 830309s1961 nyu 000 0 eng
010 _a 61015250
050 0 0 _aCT 1098.S45 A393
_bA393
100 1 _aSchweitzer, Albert,
_d1875-1965.
245 1 0 _aPilgrimage to humanity.
260 _aNew York,
_bPhilosophical Library
_c[1961]
300 _a107 p.
_c20 cm.
942 _2ddc
999 _c5253
_d5253